000 01155nam a22003377a 4500
003 CHAP
005 20220329140058.0
008 971013s1978 r 00010 d
010 _a46657
011 _a47629
035 _a51772
040 _cCHAP
090 _aTesis
100 0 0 _aTijerina Chávez, Leonardo.
_9113285
245 _aRelación entre el potencial del agua en hojas de frijol y el potencial del agua en el suelo
260 _aChapingo, Méx. :
_bEl autor,
_c1978
300 _a99 h.
_b: ilus. ; gráfs.
502 _aTesis (M. en C. Esp. en Riego y Drenaje) -- SARH. Colegio de Postgraduados
590 _aALEPH
_b10
_c20130110
_lUCH01
_h1316
590 _aBATCH-UPD
_b10
_c20130110
_lUCH01
_h1409
590 _aBATCH-UPD
_b10
_c20130410
_lUCH01
_h0856
590 _aBATCH-UPD
_b10
_c20130914
_lUCH01
_h1918
590 _aCONVERSION
_b10
_c20130109
_lUCH01
_h1325
650 1 4 _aPlantas
_xContenido de agua.
_988802
650 1 4 _aSuelos
_xHumedad.
_9110391
901 _aBK
942 _cFOLL
949 _bBC
_cTES
_d-115683
_eTS1
_i51772
_si
949 _bBC
_cTES
_d-115684
_eTS2
_fc.2
_i51772
_si
949 _bBC
_cTES
_d-115685
_eTS2
_fc.3
_i51772
_si
999 _c46657
_d46657